<?xml version="1.0" encoding="UTF-8"?>
<record
    xmlns:xsi="http://www.w3.org/2001/XMLSchema-instance"
    xsi:schemaLocation="http://www.loc.gov/MARC21/slim http://www.loc.gov/standards/marcxml/schema/MARC21slim.xsd"
    xmlns="http://www.loc.gov/MARC21/slim">

  <leader>01041    a2200157   4500</leader>
  <controlfield tag="003">OSt</controlfield>
  <controlfield tag="005">20260204154800.0</controlfield>
  <controlfield tag="008">260204b        |||||||| |||| 00| 0 eng d</controlfield>
  <datafield tag="020" ind1=" " ind2=" ">
    <subfield code="a">9788196788735</subfield>
  </datafield>
  <datafield tag="100" ind1=" " ind2=" ">
    <subfield code="a">&#x92A;&#x941;&#x930;&#x902;&#x926;&#x930;&#x947; &#x90F;&#x938; </subfield>
    <subfield code="9">216607</subfield>
  </datafield>
  <datafield tag="245" ind1=" " ind2=" ">
    <subfield code="a">&#x936;&#x93F;&#x935;&#x924;&#x947;&#x91C;&#x93E;&#x91A;&#x940;  &#x936;&#x932;&#x93E;&#x915;&#x93E; </subfield>
  </datafield>
  <datafield tag="260" ind1=" " ind2=" ">
    <subfield code="b">&#x92D;&#x93E;&#x930;&#x924;&#x940;&#x92F;  &#x935;&#x93F;&#x91A;&#x93E;&#x930;  &#x938;&#x93E;&#x927;&#x928;&#x93E;  &#x92A;&#x94D;&#x930;&#x915;&#x93E;&#x936;&#x928; </subfield>
    <subfield code="c">2023</subfield>
    <subfield code="a">&#x92A;&#x941;&#x923;&#x947; </subfield>
  </datafield>
  <datafield tag="300" ind1=" " ind2=" ">
    <subfield code="a">39pp.</subfield>
  </datafield>
  <datafield tag="520" ind1=" " ind2=" ">
    <subfield code="a">&#x91B;&#x924;&#x94D;&#x930;&#x92A;&#x924;&#x940; &#x936;&#x93F;&#x935;&#x93E;&#x91C;&#x940; &#x92E;&#x939;&#x93E;&#x930;&#x93E;&#x91C;&#x93E;&#x902;&#x928;&#x940; &#x930;&#x93E;&#x92F;&#x930;&#x947;&#x936;&#x94D;&#x935;&#x930;&#x93E;&#x91A;&#x94D;&#x92F;&#x93E; &#x91A;&#x930;&#x923;&#x940; &#x928;&#x924;&#x92E;&#x938;&#x94D;&#x924;&#x915; &#x939;&#x94B;&#x924;&#x93E;&#x928;&#x93E; &#x918;&#x947;&#x924;&#x932;&#x947;&#x932;&#x93E; &#x938;&#x902;&#x915;&#x932;&#x94D;&#x92A; &#x92E;&#x94D;&#x939;&#x923;&#x91C;&#x947; &#x938;&#x94D;&#x935;&#x930;&#x93E;&#x91C;&#x94D;&#x92F;!! &#x939;&#x947; &#x930;&#x93E;&#x91C;&#x94D;&#x92F; &#x92F;&#x947;&#x925;&#x940;&#x932; &#x91C;&#x928;&#x924;&#x93E; &#x939;&#x940; &#x938;&#x92E;&#x943;&#x927;&#x94D;&#x926; &#x935;&#x94D;&#x939;&#x93E;&#x935;&#x940;, &#x938;&#x902;&#x92A;&#x928;&#x94D;&#x928; &#x935;&#x94D;&#x939;&#x93E;&#x935;&#x940;, &#x92A;&#x930;&#x915;&#x940;&#x92F; &#x930;&#x93E;&#x91C;&#x935;&#x91F;&#x940;&#x924;&#x942;&#x928; &#x92E;&#x941;&#x915;&#x94D;&#x924;&#x940; &#x92E;&#x93F;&#x933;&#x942;&#x928; &#x916;&#x930;&#x947; &#x938;&#x94D;&#x935;&#x930;&#x93E;&#x91C;&#x94D;&#x92F; &#x905;&#x938;&#x94D;&#x924;&#x93F;&#x924;&#x94D;&#x935;&#x93E;&#x924; &#x906;&#x932;&#x947;. &#x96C; &#x91C;&#x942;&#x928; </subfield>
  </datafield>
  <datafield tag="942" ind1=" " ind2=" ">
    <subfield code="c">BK</subfield>
    <subfield code="2">ddc</subfield>
  </datafield>
  <datafield tag="999" ind1=" " ind2=" ">
    <subfield code="c">370180</subfield>
    <subfield code="d">370180</subfield>
  </datafield>
  <datafield tag="952" ind1=" " ind2=" ">
    <subfield code="0">0</subfield>
    <subfield code="1">0</subfield>
    <subfield code="2">ddc</subfield>
    <subfield code="4">0</subfield>
    <subfield code="7">0</subfield>
    <subfield code="8">MCA</subfield>
    <subfield code="a">001</subfield>
    <subfield code="b">001</subfield>
    <subfield code="d">2026-02-03</subfield>
    <subfield code="e">188</subfield>
    <subfield code="g">70.00</subfield>
    <subfield code="l">0</subfield>
    <subfield code="p">KBJP-BK-2995</subfield>
    <subfield code="r">2026-02-03 00:00:00</subfield>
    <subfield code="v">100.00</subfield>
    <subfield code="w">2026-02-03</subfield>
    <subfield code="y">BK</subfield>
    <subfield code="z">2995</subfield>
  </datafield>
</record>
